Puntos críticos en resultados. Producción, utilidades, pérdidas
Guardat en:
| Autor principal: | |
|---|---|
| Format: | Llibre |
| Idioma: | espanyol |
| Publicat: |
Ciudad de México
F. Trillas
1970
Ciudad de México Centro Regional de Ayuda Técnica 1970 Ciudad de México A.I.D 1970 |
| Matèries: | |
| Etiquetes: |
Afegir etiqueta
Sense etiquetes, Sigues el primer a etiquetar aquest registre!
|
MARC
| LEADER | 00000nam a2200000 a 4500 | ||
|---|---|---|---|
| 001 | UCR7647 | ||
| 003 | CL-VaPUC | ||
| 008 | 980519e19700000mx |||||||||||||||||spa|d | ||
| 082 | 0 | 4 | |a 330.0151 |b LUN |2 21 |
| 100 | |a Luna Martínez, Antonio de |e autor |9 408984 | ||
| 245 | 1 | 0 | |a Puntos críticos en resultados. Producción, utilidades, pérdidas |
| 300 | |a 115 p | ||
| 942 | |c BK | ||
| 945 | |d 19980519 00:00:00 |a crobeson | ||
| 260 | |a Ciudad de México |b F. Trillas |c 1970 | ||
| 260 | |a Ciudad de México |b Centro Regional de Ayuda Técnica |c 1970 | ||
| 260 | |a Ciudad de México |b A.I.D |c 1970 | ||
| 650 | 0 | |a Economía |9 255568 | |
| 650 | 0 | |a Teoría económica |9 315055 | |
| 650 | 0 | |a Econometría |9 261029 | |
| 650 | 0 | |a Economía matemática |9 270388 | |
| 650 | 0 | |a Producción |9 263680 | |
| 583 | |a last modification |c 20171010 04:52:08 |k Rodrigo Vera | ||
| 999 | |c 269237 |d 269235 | ||
| 952 | |0 0 |1 0 |4 0 |6 330_015100000000000_LUN_1970_1970_1970 |7 0 |8 P |9 302929 |a BIBGIM |b BIBGIM |d 2019-11-20 |i 1993097 |o 330.0151 LUN 1970 1970 1970 |p 1993097 |r 2025-01-15 |w 2019-11-20 |y BK |k COM | ||